000 00431nam a2200181Ia 4500
001 24784
005 20260414151106.0
008 260414t2013||||xx |||||||||||||| ||spa||
041 _aESP
082 _a345.733L
_bJ92
100 _aJurista Editores
_eAUT
245 0 _aLegislación registral y notarial
_b
260 _c2013
300 _a816 pƔginas :
_c21cm.
650 _aDER
654 _aCDE
942 _cLIB
_dJUS
_fJUS
_2ddc
_n
999 _c24784
_d24784